Responses for Show #4314 - Thursday, May 8, 2003

2003 Tournament of Champions quarterfinal game 4.

Contestants

[<< previous game]

Jackie Harrison, a surgeon from Chicago, Illinois

Mark Brown, an administrative assistant and father from Peoria, Arizona

Jason McCune, an actor originally from Jasper, Indiana

[next game >>]

Jeopardy! Round responses

POETS & POETRY
ON THE BROADWAY STAGE
(Alex: All theatres are in New York City.)
NEUROSCIENCE
INITIALLY YOURS
YEMEN-Y SNIPPET
FERTILE "I"s
    $200 11
May

Jason
    $200 1
La Boheme

Mark
    $200 6
dreams

Mark
    $200 18
D.W. Griffith

Jackie
    $200 16
Suez Canal

Mark
    $200 24
"The Iliad"

Jason
    $400 12
Lord Byron

Triple Stumper
    $400 2
Rodgers & Hammerstein

Mark
    $400 7
dominant hemisphere

Jackie
    $400 19
P.J. O'Rourke

Jason
    $400 17
oil

Jason
    $400 25
iguana

Jackie
    $1,800 13
(Jason: Who is Walt Whitman?)

William Wordsworth

Jason
    $600 3
John Waters

Jason
    $600 8
short-term memory

Jackie
    $600 20
J.E.B. Stuart

Mark
    $600 23
(Jason: What is chocolate?)

coffee

JasonJackie
    $600 26
Iberian

Jason
    $800 14
Robert Graves

Mark
    $800 4
Mel Brooks

Mark
    $800 9
brain stem

Jackie
    $800 21
F.W. de Klerk

Mark
    $800 29
Red Sea

Mark
    $800 27
Icarus

Mark
    $1000 15
Pre-Raphaelites

Mark
    $1000 5
Victor Hugo

Jason
    $1000 10
tomography

Mark
    $1000 22
A.S. Byatt

Triple Stumper
    $1000 30
Shiites

Jason
    $1000 28
Ikebana

Triple Stumper

Scores at the first commercial break (after clue 15):

Jason Mark Jackie
$0 $4,400 $1,800

Scores at the end of the Jeopardy! Round:

Jason Mark Jackie
$2,000 $7,600 $3,000

Double Jeopardy! Round responses

AUSTRALIAN CAPITALS
(Alex: That should be fun!)
THE MOVIES
BRITISH HEIR WAYS
ART & ARTISTS
THIS PLACE IS A ZOO!
BEFORE & AFTER
    $400 2
Sydney

Jason
    $400 1
(Jason: What is "The Unforgiven?")
....
(Alex: "The Unforgiven" was another movie.)

Unforgiven

JasonMark
    $400 26
Prince William

Jackie
    $400 13
Rene Magritte

Triple Stumper
    $400 8
camels

Mark
    $400 21
Jodie Foster Grant

Mark
    $800 4
Darwin

Mark
    $800 3
Space Cowboys

Mark
    $800 27
(Jason: Who is Prince Charles?)
(Jackie: Who is Prince Edward VIII?)
(Mark: Who is King Edward VII?)

King Edward VIII

JasonMarkJackie
Triple Stumper
    $800 14
(Mark: Who is Degas?)

Toulouse-Lautrec

Mark
Triple Stumper
    $800 9
primates

Mark
    $800 22
After the Fall of the House of Usher

Jason
    $1200 5
Melbourne

Mark
    $1200 16
In the Line of Fire

Mark
    $1200 28
Henry VIII

Mark
    $1200 15
Mary Cassatt

Jason
    $1200 10
China

Triple Stumper
    $1200 23
John Kerry Blue Terrier

Triple Stumper
    $1600 6
(Mark: What is Cairns?)

Brisbane

Mark
Triple Stumper
    $1600 19
(Jason: What is "Every Which Way You Can?")

Any Which Way You Can

JasonJackie
    $2,000 29
Edward the Black Prince

Mark
    $1600 17
Saskia

Triple Stumper
    $1600 11
(Jason: What is an oriole?)
(Jackie: What is a blackbird?)
(Mark: What is a bluebird?)

blue hen chicken

JasonMarkJackie
Triple Stumper
    $1600 24
Ford Madox Ford Mustang

Triple Stumper
    $3,200 7
Adelaide

Mark
    $2000 20
(Alex: Yes, something you should be familiar with as a surgeon.)

Blood Work

Jackie
    $2000 30
(Mark: Who is George III?)
(Jackie: Who is Prince Albert?)
(Jason: Who is George I?)
...
(Alex: Mark, you missed it by 1, and Jason, you missed it by 3, but it's a costly miss for you, Jason, since you won't be around to play in Final Jeopardy!)

George IV

JasonMarkJackie
Triple Stumper
    $2000 18
Laocoon

Mark
    $2000 12
cat

Mark
    $2000 25
Plessy v. Ferguson Jenkins

Mark

Scores at the end of the Double Jeopardy! Round:

Jason Mark Jackie
-$2,000 $19,200 $2,600
(lock game)

Final Jeopardy! Round responses

NATIONAL STATUARY HALL
(Alex: It helps if you have visited National Statuary Hall in Washington.)
JackieWho are Will Rogers And Jim Thorpe?
$2,600
MarkWho are Will Rogers & Sequoyah
$5
Will Rogers & Sequoyah

Final scores:

Jason Mark Jackie
-$2,000 $19,205 $0
3rd place: $5,000 if eliminated Automatic semifinalist 2nd place: $5,000 if eliminated

Game dynamics:

Coryat scores:

Jason Mark Jackie
-$200 $17,600 $2,600
11 R,
7 W
(including 1 DD)
26 R
(including 2 DDs),
5 W
9 R,
3 W

Combined Coryat: $20,000

[game clues] [game scores] [suggest correction]

Game tape date: 2003-03-18
The J! Archive is created by fans, for fans. Scraping, republication, monetization, and malicious use prohibited; this site may use cookies and collect identifying information. See terms. The Jeopardy! game show and all elements thereof, including but not limited to copyright and trademark thereto, are the property of Jeopardy Productions, Inc. and are protected under law. This website is not affiliated with, sponsored by, or operated by Jeopardy Productions, Inc. Join the discussion at JBoard.tv.